000 00514nam a22001817a 4500
999 _c524622
_d524622
003 NUST
005 20190624105202.0
038 _aFaiza
082 _a891.4391092
_bFAT
100 _aFatehpuri, Farman
_915425
245 _aMir Anees , Hayat aur Shairi /
_cFarman Fatehpuri
260 _aLahore:
_bGunj Shakar Press,
_c2002.
300 _a256p. ;
500 _aHard Cover
880 _6100-01\r
_aفرمان فتح پوری
880 _6245-02\r
_a /میر انیس حیات اور شاعری
942 _2ddc
_cBK